Lady Jane Grey, October 1537- February 1554 /

Bibliographic Details
Main Author: Chapman, Hester W., 1899-1976
Format: Book
Language:English
Published: Boston : Little, Brown, [1962]
Edition:[1st American ed.].
Subjects:

MARC

Tag First Indicator Second Indicator Subfields
LEADER 00000cam a2200000 4500
001 in00000011120
005 20151007052005.0
008 730904r1962 maua b 00110beng d
035 |a (OCoLC)00684566 
035 |9 AAA5790AM 
040 |a KSU  |c KSU  |d m.c.  |d OCL  |d TXA  |d UtOrBLW 
049 |a TXAM  |c [A11045060] 
050 4 |a DA345.1.D9  |b C5 1962 
100 1 |a Chapman, Hester W.,  |d 1899-1976. 
245 1 0 |a Lady Jane Grey, October 1537- February 1554 /  |c Hester W. Chapman. 
250 |a [1st American ed.]. 
264 1 |a Boston :  |b Little, Brown,  |c [1962] 
264 4 |c [©1962] 
300 |a 224 pages :  |b illustrations ;  |c 22 cm. 
336 |a text  |b txt  |2 rdacontent 
337 |a unmediated  |b n  |2 rdamedia 
338 |a volume  |b nc  |2 rdacarrier 
504 |a Bibliography: pages 214-217. 
500 |a Includes index. 
600 1 0 |a Grey, Jane,  |c Lady,  |d 1537-1554. 
999 |a MARS 
999 f f |s c09eaf32-e3a3-3d08-ad91-2d82e401134d  |i befb97a8-9f30-34b1-8a97-462e79dbf33a  |t 0 
952 f f |p ric  |a Texas A&M University  |b Rellis Campus  |c Joint Library Facility  |s JLF  |d Remote Storage  |t 0  |e DA345.1.D9 C5 1962  |h Library of Congress classification  |i unmediated -- volume  |m A14827478629 
998 f f |a DA345.1.D9 C5 1962  |t 0  |l Remote Storage